Inverted Flags #3 - Statistics

General Stats
  • This quiz has been taken 29 times
  • The average score is 9 of 16
Answer Stats
Picture Answer % Correct
Russia
68%
Zambia
68%
Greece
64%
Lebanon
64%
Mexico
64%
Azerbaijan
59%
Haiti
59%
Lesotho
59%
Liechtenstein
59%
Ukraine
59%
Austria
50%
Belgium
45%
Austria
36%
Sierra Leone
36%
Armenia
32%
Mali
32%
No matching quizzes found
Score Distribution
Percent of People with Each Score
Percentile by Number Answered
Your Score History
You have not taken this quiz